000 00403nam a22001697a 4500
005 20160527115308.0
008 160527b xxu||||| |||| 00| 0 eng d
020 _a978-0-07-14497-2
041 _aeng
082 _b5494
100 _aBradhan, Swapna
_91376
245 _aRetail Marchandising
260 _aNew Delhi
_bAcademic Faundation
300 _a217
650 _aManagement
_9241
942 _cBK
999 _c1952
_d1951